Inventario. (Record no. 150831)

MARC details
000 -LEADER
campo de control de longitud fija 00630nam a2200181 i 4500
001 - NÚMERO DE CONTROL
campo de control 150831
003 - IDENTIFICADOR DE NÚMERO DE CONTROL
campo de control ES-MaACL
005 - FECHA Y HORA DE LA ÚLTIMA TRANSACCIÓN
campo de control 20230906203723.0
007 - CAMPO FIJO DE DESCRIPCIÓN FÍSICA--INFORMACIÓN GENERAL
campo de control de longitud fija t|
008 - DATOS DE LONGITUD FIJA--INFORMACIÓN GENERAL
campo de control de longitud fija 071114s1986 it ||||1| ita d
110 2# - ENTRADA PRINCIPAL--NOMBRE DE ENTIDAD CORPORATIVA
Nombre de entidad corporativa o nombre de jurisdicción como elemento de entrada Galleria degli Uffizi.
Unidad subordinada Gabinetto disegni e stampe.
9 (RLIN) 4463
245 10 - MENCIÓN DEL TÍTULO
Título Inventario.
Nombre de parte o sección de la obra Disegni esposti /
Mención de responsabilidad, etc. Gabinetto disegni e stampe degli Uffizi ; a cura di Annamaria Petrioli Tofani.
260 ## - PUBLICACIÓN, DISTRIBUCIÓN, ETC.
Lugar de publicación, distribución, etc. Firenze :
Nombre del editor, distribuidor, etc. Leo S. Olschki,
Fecha de publicación, distribución, etc. 1986.
300 ## - DESCRIPCIÓN FÍSICA
Extensión 2 v. :
Otras características físicas il. ;
Dimensiones 30 cm.
610 27 - PUNTO DE ACCESO ADICIONAL DE MATERIA--NOMBRE DE ENTIDAD CORPORATIVA
Nombre de entidad corporativa o nombre de jurisdicción como elemento de entrada Galleria degli Uffizi-
Subdivisión de forma Catálogos.
9 (RLIN) 4461
700 1# - ENTRADA AGREGADA--NOMBRE PERSONAL
Nombre de persona Petrioli Tofani, Anna Maria.
9 (RLIN) 91544
852 ## - LOCALIZACIÓN
Ubicación ES-MaACL
Número de control de estantería P-1
Holdings
Estatus retirado Estado de pérdida Estado de daño No para préstamo Biblioteca de origen Biblioteca actual Ubicación en estantería Fecha de adquisición Fuente de adquisición Total de préstamos Signatura topográfica completa Código de barras Visto por última vez Precio de reemplazo Tipo de ítem Koha
        Biblioteca del Ateneo de Madrid Biblioteca del Ateneo de Madrid Depósito 2 17/01/2008     P-1 1157387 23/02/2023 23/02/2023 Libro impreso